00587nam a22001937a 4500003000400000008004100004020001800045082001900063100002100082245007900103260005400182300001400236440004200250650003400292650001800326650001300344650002300357650001300380OSt260625b |||||||| |||| 00| 0 eng d a9788193644669 a677.0287bP98H aPurushothama, B. aHandbook of Managing Apparel Production and Quality / cby B. Purushothama a.- New Delhib: Woodhead Publishing Indiac, 2019 axii,508p. aWoodhead Publishing India in Textiles aTechnology (Applied Sciences) aManufacturing aTextiles aApparel Production aHandbook